Cấu trúc dữ liệu và thuật toán Phân tích và cài đặt trên C/C++ Tập 2

Сохранить в:
Библиографические подробности
Главный автор: Trần, Thông Quế
Формат:
Опубликовано: Hà Nội Thông tin và truyền thông 2018
Предметы:
C++
Метки: Добавить метку
Нет меток, Требуется 1-ая метка записи!
Thư viện lưu trữ: Trung tâm Học liệu Lê Vũ Hùng, Trường Đại học Đồng Tháp
LEADER 00853pam a22002418a 4500
001 00046425
005 20210219100200.0
008 170512s2001 ||||||Viesd
020 # # |c 55000  |a 9786048032548 
041 0 # |a Vie 
082 1 4 |a 005.7  |b C125TR 
100 1 # |a Trần, Thông Quế 
245 1 0 |a Cấu trúc dữ liệu và thuật toán  |c Trần Thông Quế  |b Phân tích và cài đặt trên C/C++  |n Tập 2 
260 # # |c 2018  |a Hà Nội  |b Thông tin và truyền thông 
300 # # |a 160tr.  |c 24cm 
653 # # |a C++ 
653 # # |a Cấu trúc dữ liệu 
653 # # |a Dữ liệu 
653 # # |a Thuật toán 
653 # # |a Tin học 
852 # # |j KD.0027799  |j KM.0035119  |j KM.0035120 
910 # # |d 19/02/2021 
980 # # |a Trung tâm Học liệu Lê Vũ Hùng, Trường Đại học Đồng Tháp